000 00274nam a22001217a 4500
008 180220b xxu||||| |||| 00| 0 eng d
041 _aeng
080 _a038
100 _a23
101 _aPOL
245 _aDictionary of Military Abbrevations
_cPolmar, N
942 _2udc
_cBK
999 _c42913
_d42913